[Event "Mediterranean op 10th"]
[Site "Rijeka"]
[Date "2018.11.28"]
[Round "6"]
[White "Viduka, Marko"]
[Black "Pijanovic, Dusan"]
[Result "1-0"]
[WhiteElo "1556"]
[BlackElo "1677"]
[PlyCount "119"]
[EventDate "2018.11.24"]
[EventType "swiss"]
[EventRounds "9"]
[EventCountry "CRO"]
[SourceTitle "CBM 187 Extra"]
[Source "ChessBase"]
[SourceDate "2018.11.04"]
[SourceVersion "1"]
[SourceVersionDate "2018.11.04"]
[SourceQuality "1"]

1. e4 d6 2. Nc3 Nc6 3. Bb5 Bd7 4. d4 e5 5. Nd5 Nxd4 6. Bxd7+ Qxd7 7. Nf3 Nxf3+ 8. Qxf3 Ne7 9. Nc3 Nc6 10. Be3 Be7 11. a3 0-0 12. Nd5 f5 13. 0-0-0 f4 14. Bd2 Rac8 15. Bc3 Qe6 16. g3 fxg3 17. Qxg3 h6 18. f4 Rf7 19. f5 Qd7 20. h4 Bf6 21. Rhg1 Kh8 22. Bd2 Nd4 23. Rg2 c6 24. Nc3 Qe7 25. h5 b5 26. Rdg1 Bg5 27. Bxg5 Qxg5+ 28. Qxg5 hxg5 29. Rf2 a5 30. Rxg5 b4 31. axb4 axb4 32. Ne2 c5 33. Rg6 Rf6 34. Ng3 Ra8 35. Kb1 b3 36. cxb3 Nxb3 37. Kc2 c4 38. Rh2 Ra1 39. Kc3 Rc1+ 40. Kb4 Rf8 41. Kb5 Nd4+ 42. Kb6 Rf6 43. Rxf6 gxf6 44. h6 Re1 45. Kc7 Nb5+ 46. Kc6 Re3 47. Kxb5 Rxg3 48. Kxc4 Re3 49. Kd5 Rd3+ 50. Ke6 Rd4 51. Re2 Kh7 52. Kxf6 Rd3 53. Ke6 Kg8 54. Rg2+ Kh8 55. f6 d5 56. f7 Rf3 57. Rg8+ Kh7 58. f8Q Rxf8 59. Rxf8 dxe4 60. Rf1 1-0

[Event "Rijeka Paris Memorial 39th"]
[Site "Rijeka"]
[Date "2018.11.04"]
[Round "3"]
[White "Pijanovic, Dusan"]
[Black "Hocevar, Nick"]
[Result "1-0"]
[WhiteElo "1677"]
[BlackElo "1116"]
[PlyCount "49"]
[EventDate "2018.11.02"]
[EventType "swiss"]
[EventRounds "9"]
[EventCountry "CRO"]
[SourceTitle "CBM 187 Extra"]
[Source "ChessBase"]
[SourceDate "2018.11.04"]
[SourceVersion "1"]
[SourceVersionDate "2018.11.04"]
[SourceQuality "1"]

1. d4 d5 2. c4 Nf6 3. Nf3 Bf5 4. Nc3 e6 5. e3 Bd6 6. c5 Be7 7. Qb3 b6 8. Qa4+ Qd7 9. Bb5 c6 10. Be2 bxc5 11. dxc5 Bxc5 12. Ne5 Qd6 13. f4 0-0 14. 0-0 Rc8 15. g4 Be4 16. Rd1 Nbd7 17. g5 Nxe5 18. fxe5 Qxe5 19. gxf6 Qf5 20. Nxe4 dxe4 21. Rf1 Qg5+ 22. Kh1 Bxe3 23. Qxe4 Bxc1 24. Raxc1 Kf8 25. fxg7+ 1-0

[Event "Mediterranean op 8th"]
[Site "Rijeka"]
[Date "2015.12.11"]
[Round "8"]
[White "Nastic, Milorad"]
[Black "Pijanovic, Dusan"]
[Result "1-0"]
[WhiteElo "1892"]
[BlackElo "1662"]
[PlyCount "74"]
[EventDate "2015.12.05"]
[EventType "swiss"]
[EventRounds "9"]
[EventCountry "CRO"]
[SourceTitle "CBM 169 Extra"]
[Source "ChessBase"]
[SourceDate "2015.12.18"]
[SourceVersion "1"]
[SourceVersionDate "2015.12.18"]
[SourceQuality "1"]

1. e4 d6 2. d4 Nf6 3. f3 g6 4. Be3 Bg7 5. Qd2 h5 6. Nc3 Nc6 7. 0-0-0 a6 8. Bc4 b5 9. Bd5 Bd7 10. Nge2 Rb8 11. Bxc6 Bxc6 12. d5 Bd7 13. Nf4 b4 14. Nce2 a5 15. Kb1 a4 16. Nd4 b3 17. cxb3 axb3 18. a3 0-0 19. Rc1 Nh7 20. h4 Re8 21. Nc6 Bxc6 22. Rxc6 Qd7 23. Rhc1 Rec8 24. Bd4 Bh6 25. g3 Nf8 26. Qc3 Rb7 27. Qa5 e5 28. dxe6 Nxe6 29. Be3 Bxf4 30. gxf4 Nd8 31. R6c4 c5 32. Rd1 Qe6 33. Qc3 Qe7 34. f5 Qe5 35. fxg6 f6 36. Qd2 Ne6 37. f4 Nd8 1-0

[Event "Mediterranean op 8th"]
[Site "Rijeka"]
[Date "2015.12.05"]
[Round "1"]
[White "Res, Ivica"]
[Black "Pijanovic, Dusan"]
[Result "1-0"]
[WhiteElo "2059"]
[BlackElo "1662"]
[PlyCount "51"]
[EventDate "2015.12.05"]
[EventType "swiss"]
[EventRounds "9"]
[EventCountry "CRO"]
[SourceTitle "CBM 169 Extra"]
[Source "ChessBase"]
[SourceDate "2015.12.18"]
[SourceVersion "1"]
[SourceVersionDate "2015.12.18"]
[SourceQuality "1"]

1. c4 g6 2. g3 Bg7 3. Bg2 Nf6 4. Nc3 c6 5. e4 d6 6. Nge2 0-0 7. 0-0 Nbd7 8. d3 h5 9. h3 Rb8 10. Be3 Ra8 11. Bc1 Rb8 12. Be3 c5 13. Qd2 Kh7 14. f4 e5 15. f5 Nb6 16. Bg5 Bd7 17. Rf2 Bc6 18. Raf1 Nbd7 19. Nd5 Bxd5 20. exd5 Qc7 21. Nc3 a6 22. Be4 Ng8 23. Qe2 Bh6 24. fxg6+ fxg6 25. Qxh5 Rxf2 26. Qxg6+ 1-0

[Event "CRO-chT2 West"]
[Site "Croatia"]
[Date "2015.02.21"]
[Round "1.5"]
[White "Nastic, Milorad"]
[Black "Pijanovic, Dusan"]
[Result "1-0"]
[WhiteElo "1912"]
[BlackElo "1681"]
[PlyCount "61"]
[EventDate "2015.02.21"]
[EventType "team-tourn"]
[EventRounds "9"]
[EventCountry "CRO"]
[SourceTitle "EXT 2016"]
[Source "ChessBase"]
[SourceDate "2015.10.08"]
[SourceVersion "1"]
[SourceVersionDate "2015.10.08"]
[SourceQuality "1"]
[WhiteTeam "Rijeka Kvarner"]
[BlackTeam "Rijeka Rijeka II"]
[WhiteTeamCountry "CRO"]
[BlackTeamCountry "CRO"]

1. e4 e5 2. Nf3 Nc6 3. Bb5 d6 4. 0-0 Bd7 5. Re1 Nf6 6. c3 Be7 7. d4 exd4 8. cxd4 0-0 9. Nc3 Re8 10. b3 a6 11. Bxc6 Bxc6 12. d5 Bd7 13. e5 dxe5 14. Nxe5 Bd6 15. Nxd7 Rxe1+ 16. Qxe1 Qxd7 17. Bb2 Qf5 18. Rd1 Re8 19. Qd2 Bf4 20. Qd4 Be5 21. Qd2 Bxh2+ 22. Kxh2 Qh5+ 23. Kg3 Qg4+ 24. Kh2 Qh5+ 25. Kg1 Ng4 26. Qf4 Re5 27. f3 Qh4 28. Qxg4 Re1+ 29. Rxe1 Qxe1+ 30. Kh2 h6 31. Ne4 1-0

[Event "Rijeka Liburnija op 05"]
[Site "Rijeka"]
[Date "2014.05.26"]
[Round "8"]
[White "Tomulic, Teo"]
[Black "Pijanovic, Dusan"]
[Result "1-0"]
[WhiteElo "1822"]
[BlackElo "1704"]
[PlyCount "87"]
[EventDate "2014.05.20"]
[EventType "swiss"]
[EventRounds "9"]
[EventCountry "CRO"]
[SourceTitle "CBM 160 Extra"]
[Source "ChessBase"]
[SourceDate "2014.07.01"]
[SourceVersion "1"]
[SourceVersionDate "2014.07.01"]
[SourceQuality "1"]

1. e4 d6 2. f4 e5 3. Nf3 exf4 4. Bc4 Nc6 5. d4 g5 6. h4 g4 7. Ng5 Nh6 8. Bxf4 Qe7 9. Qd2 f6 10. 0-0 Bd7 11. Ne6 Bxe6 12. Bxe6 Nd8 13. Bc4 Ndf7 14. Nc3 Bg7 15. Nd5 Qd8 16. Qa5 0-0 17. Bxh6 Nxh6 18. Nb6+ Kh8 19. Nxa8 Qxa8 20. Qh5 b5 21. Bd3 c5 22. dxc5 dxc5 23. Qxc5 Qb8 24. Qh5 Qg3 25. e5 f5 26. Rxf5 Rxf5 27. Bxf5 Bxe5 28. Qxh6 Qh2+ 29. Kf1 Qh1+ 30. Kf2 Bd4+ 31. Ke2 Qxg2+ 32. Kd3 Qf3+ 33. Kxd4 Qxf5 34. Re1 Qd7+ 35. Ke5 Qc7+ 36. Qd6 Qc8 37. Qf6+ Kg8 38. Qe6+ Qxe6+ 39. Kxe6 Kg7 40. a4 bxa4 41. c4 Kg6 42. c5 Kh5 43. c6 Kxh4 44. c7 1-0

[Event "Mediterranean op 6th"]
[Site "Rijeka"]
[Date "2013.12.05"]
[Round "7"]
[White "Juranic, Vladimir"]
[Black "Pijanovic, Dusan"]
[Result "0-1"]
[WhiteElo "1809"]
[BlackElo "1688"]
[PlyCount "102"]
[EventDate "2013.11.30"]
[EventType "swiss"]
[EventRounds "9"]
[EventCountry "CRO"]
[SourceTitle "CBM 157 Extra"]
[Source "ChessBase"]
[SourceDate "2013.12.19"]
[SourceVersion "1"]
[SourceVersionDate "2013.12.19"]
[SourceQuality "1"]

1. d4 d6 2. e4 g6 3. f4 e6 4. Nf3 Bg7 5. Bd3 Nc6 6. c3 Nf6 7. 0-0 0-0 8. Nbd2 Ne7 9. Re1 Nd7 10. Nc4 f5 11. exf5 exf5 12. Ng5 Nf6 13. Qb3 d5 14. Ne5 h6 15. Nh3 Kh7 16. Be3 c6 17. Re2 Ne4 18. Rae1 Qc7 19. Qc2 Be6 20. b4 a6 21. a4 Rac8 22. a5 Ng8 23. Kh1 Ngf6 24. g3 Rfe8 25. Ng1 Nd7 26. Ngf3 Bf6 27. Qc1 Nf8 28. Nd2 Qe7 29. Nb3 Nd7 30. Rb2 Rg8 31. Nf3 Qf7 32. Nc5 Ndxc5 33. bxc5 Rc7 34. Qc2 Qg7 35. Ne5 Bxe5 36. fxe5 Rf8 37. Rb6 g5 38. Reb1 Kh8 39. Kg1 f4 40. Bf2 Nxf2 41. Qxf2 Bh3 42. R6b2 Rcf7 43. Re1 fxg3 44. Qxg3 Rf3 45. e6 Rxg3+ 46. hxg3 Re8 47. Kh2 Bxe6 48. Rbe2 Qf7 49. Kg1 Bd7 50. Rf1 Qg7 51. Ref2 Bh3 0-1

[Event "Mediterranean op 6th"]
[Site "Rijeka"]
[Date "2013.12.04"]
[Round "6"]
[White "Pijanovic, Dusan"]
[Black "Baljak, Jadranko"]
[Result "0-1"]
[WhiteElo "1688"]
[BlackElo "1912"]
[PlyCount "182"]
[EventDate "2013.11.30"]
[EventType "swiss"]
[EventRounds "9"]
[EventCountry "CRO"]
[SourceTitle "CBM 157 Extra"]
[Source "ChessBase"]
[SourceDate "2013.12.19"]
[SourceVersion "1"]
[SourceVersionDate "2013.12.19"]
[SourceQuality "1"]

1. e4 c5 2. Nf3 d6 3. d4 cxd4 4. Nxd4 Nf6 5. Nc3 a6 6. Bd3 e6 7. 0-0 Be7 8. Be3 Qc7 9. Qe2 Nc6 10. a3 Bd7 11. f3 0-0 12. Rac1 Nxd4 13. Bxd4 Bc6 14. Qf2 Nd7 15. Ne2 Nc5 16. Ng3 Nxd3 17. cxd3 Qa5 18. Bc3 Qd8 19. Nh5 g6 20. f4 f6 21. Ng3 e5 22. f5 g5 23. Qe2 Be8 24. Bd2 Qd7 25. Be3 d5 26. exd5 Qxd5 27. Ne4 Bb5 28. Qf3 Bc6 29. Rfd1 Rac8 30. h4 h6 31. Qh5 Rf7 32. Bc5 Bxc5+ 33. Rxc5 Qd8 34. Qg6+ Kf8 35. Rcc1 Bxe4 36. Rxc8 Qxc8 37. dxe4 gxh4 38. Qxh6+ Ke7 39. Qd2 Qc7 40. Qb4+ Ke8 41. Qb3 Kf8 42. Qe3 Rh7 43. Rc1 Qd7 44. Qc5+ Re7 45. Qe3 Qd4 46. Qxd4 exd4 47. Kf2 Rxe4 48. Kf3 Re3+ 49. Kf2 Rb3 50. Rc2 Kg7 51. Rd2 d3 52. Ke3 Kh6 53. Kf4 Kh5 54. g4+ hxg3 55. Kxg3 Kg5 56. Kf3 Kxf5 57. Ke3 Ke5 58. Rh2 d2+ 59. Ke2 Rxb2 60. Rh5+ f5 61. Rh8 Ke4 62. Re8+ Kd4 63. Rd8+ Kc3 64. Rd7 Kc2 65. Rc7+ Kb1 66. a4 Ka2 67. Rc3 Rb3 68. Rc5 f4 69. Kxd2 Ka3 70. Rc4 Rb4 71. Rc1 Kxa4 72. Kc3 Kb5 73. Rd1 a5 74. Rd5+ Ka6 75. Rf5 b6 76. Rf7 Re4 77. Kd3 Re6 78. Rxf4 Rc6 79. Rf8 a4 80. Kd4 Ka5 81. Ra8+ Kb4 82. Rh8 Rd6+ 83. Ke5 Rd2 84. Rh4+ Ka5 85. Ke4 b5 86. Ke3 Rd8 87. Rh5 a3 88. Rh7 Ka4 89. Ke2 b4 90. Ra7+ Kb3 91. Re7 a2 0-1

[Event "CRO-chT2 West"]
[Site "Croatia"]
[Date "2013.04.21"]
[Round "5.36"]
[White "Spika, Ivica"]
[Black "Pijanovic, Dusan"]
[Result "1-0"]
[WhiteElo "2026"]
[BlackElo "1682"]
[PlyCount "139"]
[EventDate "2013.03.16"]
[EventType "team-tourn"]
[EventRounds "9"]
[EventCountry "CRO"]
[SourceTitle "EXT 2019"]
[Source "ChessBase"]
[SourceDate "2018.10.10"]
[SourceVersion "1"]
[SourceVersionDate "2018.10.10"]
[SourceQuality "1"]
[WhiteTeam "Rijeka Kvarner"]
[BlackTeam "Drazice Rjecina"]
[WhiteTeamCountry "CRO"]
[BlackTeamCountry "CRO"]

1. d4 d6 2. Bf4 Nf6 3. e3 g6 4. Nf3 Bg7 5. Bd3 Nc6 6. c3 a6 7. h3 0-0 8. Nbd2 Nd7 9. Bh2 e5 10. d5 Ne7 11. e4 Nc5 12. Qc2 Nxd3+ 13. Qxd3 f5 14. c4 f4 15. 0-0-0 h6 16. Ne1 Rf7 17. f3 b6 18. Bg1 Bf6 19. Bf2 Rg7 20. Nb1 g5 21. Nc3 Bd7 22. Qe2 b5 23. c5 b4 24. Nb1 Bb5 25. Qc2 a5 26. Nd3 Ng6 27. Nd2 Be7 28. c6 Qb8 29. Kb1 Qc8 30. Nc4 Qa6 31. Rc1 Rb8 32. Rhd1 Bf8 33. a4 bxa3 34. Nxa3 Bxd3 35. Qxd3 Qxd3+ 36. Rxd3 Nh4 37. Bxh4 gxh4 38. Rc2 Be7 39. Ka2 Kf7 40. Nc4 a4 41. Na3 Rbg8 42. Rdd2 Rb8 43. Re2 Rgg8 44. Rc4 Ra8 45. Nb5 Bd8 46. Nc3 Be7 47. Rxa4 Rxa4+ 48. Nxa4 Ra8 49. Ka3 Ke8 50. b4 Kd8 51. b5 Kc8 52. Kb4 Kb8 53. Ra2 Bd8 54. Nc3 Rxa2 55. Nxa2 Ka7 56. Ka5 Bg5 57. Nc3 Bf6 58. Nd1 Be7 59. Nf2 Bg5 60. Nd1 Bf6 61. Nc3 Be7 62. Kb4 Bf6 63. Na4 Bd8 64. Nb2 Be7 65. Nc4 Bf8 66. b6+ cxb6 67. Kb5 Kb8 68. Kxb6 Be7 69. c7+ Kc8 70. Kc6 1-0

[Event "Mediterranean op 5th"]
[Site "Rijeka"]
[Date "2011.11.11"]
[Round "1"]
[White "Pijanovic, Dusan"]
[Black "Kanmazalp, Ogulcan"]
[Result "0-1"]
[WhiteElo "1725"]
[BlackElo "2401"]
[PlyCount "90"]
[EventDate "2011.11.11"]
[EventType "swiss"]
[EventRounds "9"]
[EventCountry "CRO"]
[SourceTitle "EXT 2012"]
[Source "ChessBase"]
[SourceDate "2011.11.24"]
[SourceVersion "1"]
[SourceVersionDate "2011.11.24"]
[SourceQuality "1"]

1. d4 Nf6 2. c4 g6 3. Nc3 Bg7 4. e4 d6 5. Nf3 0-0 6. Be3 Nbd7 7. Be2 e5 8. dxe5 dxe5 9. Qc2 Ng4 10. Bd2 c6 11. h3 Ngf6 12. 0-0 Nh5 13. Rad1 Qe7 14. Bg5 f6 15. Be3 Nc5 16. Nh2 Nf4 17. Bxf4 exf4 18. b4 Nd7 19. b5 Ne5 20. Rfe1 Be6 21. Na4 cxb5 22. cxb5 Rac8 23. Qd2 Rfd8 24. Qb2 f5 25. Rxd8+ Rxd8 26. Qc1 fxe4 27. Qc5 Qg5 28. Ng4 f3 29. Bf1 Bxg4 30. hxg4 fxg2 31. Bxg2 Qxg4 32. Kf1 Rd1 33. Qe3 Rxe1+ 34. Qxe1 Nd3 35. Qe2 Qxe2+ 36. Kxe2 Nf4+ 37. Kf1 Nxg2 38. Kxg2 b6 39. Kg3 Be5+ 40. f4 exf3+ 41. Kxf3 h5 42. Ke4 Bf6 43. Kd5 Kf7 44. Nc5 bxc5 45. a4 Bd8 0-1

[Event "Mediterranean op 3rd"]
[Site "Rijeka"]
[Date "2009.11.27"]
[Round "1"]
[White "Ciganovic, Nikola"]
[Black "Pijanovic, Dusan"]
[Result "1-0"]
[WhiteElo "2276"]
[BlackElo "1823"]
[PlyCount "80"]
[EventDate "2009.11.27"]
[EventType "swiss"]
[EventRounds "9"]
[EventCountry "CRO"]
[SourceTitle "CBM 133 Extra"]
[Source "ChessBase"]
[SourceDate "2010.01.05"]
[SourceVersion "1"]
[SourceVersionDate "2010.01.05"]
[SourceQuality "1"]

1. e4 d6 2. d4 g6 3. Nc3 Bg7 4. f4 e6 5. Nf3 Nf6 6. Bd3 Nc6 7. 0-0 0-0 8. e5 Nd7 9. Be3 a6 10. Qe1 d5 11. Qg3 Nb4 12. a3 Nxd3 13. cxd3 c6 14. b4 Re8 15. a4 Nf8 16. Nd2 Bd7 17. Nb3 b6 18. Bd2 Qe7 19. Nd1 Rec8 20. Ne3 Be8 21. Qh3 f5 22. exf6 Bxf6 23. Ng4 Bg7 24. Ne5 Nd7 25. Nf3 Nf6 26. Rfe1 Bd7 27. Ne5 Re8 28. Rac1 Rac8 29. a5 Nh5 30. axb6 Bxe5 31. dxe5 Rb8 32. Be3 Qxb4 33. Nc5 Bc8 34. Rb1 Qc3 35. Rec1 Qa3 36. b7 Bxb7 37. Rb3 Qa2 38. Rxb7 Rxb7 39. Nxb7 Qb2 40. Nd6 Re7 1-0